Predbežné hodnotenie po troch rokoch

Zakladanie oblastných organizácií cestovného ruchu (OOCR) na základe zákona o podpore rozvoja cestovného ruchu v SR. Hodnotenie činnosti po troch rokoch existencie. Spolupráca s podnikateľskými subjektmi. Spoločná propagácia a marketingové aktivity. Negatíva - kompetencie, dobrovoľnosť.

Uložené v:
Podrobná bibliografia
Hlavný autor: Horváthová, Jarmila
Médium: Kapitola
Jazyk:Slovak
Predmet:
Tagy: Pridať tag
Žiadne tagy, Buďte prvý, kto otaguje tento záznam!

MARC

LEADER 00000naa a2200000 4500
001 0185469
005 20231113101141.8
041 0 |a slo 
044 |a SK 
245 1 0 |a Predbežné hodnotenie po troch rokoch  |c Jarmila Horváthová 
520 |a Zakladanie oblastných organizácií cestovného ruchu (OOCR) na základe zákona o podpore rozvoja cestovného ruchu v SR. Hodnotenie činnosti po troch rokoch existencie. Spolupráca s podnikateľskými subjektmi. Spoločná propagácia a marketingové aktivity. Negatíva - kompetencie, dobrovoľnosť. 
610 2 0 |a ruch cestovný 
610 2 0 |a služby 
610 2 0 |a organizácie 
610 2 0 |a podnikanie 
610 2 0 |a financie 
610 2 0 |a marketing 
610 2 0 |a Slovensko 
100 1 |a Horváthová, Jarmila